00546nam a2200181 a 450000100060000000300090000600800410001502000150005604000280007108200150009910000190011424501160013326000310024930000110028049000220029165000250031365000260033819631CO-ViMGA141112s2004 ck r 000 u spa d a8449306833 aCO-ViMGAbspacCO-ViMGA04a200.9 E42h1 aEliade, Mircea10aHistoria de las creencias y las ideas religiosas : bde la edad de piedra a los misterios de Eleusis, Volumen 1 aBarcelona : bPaidos; 1998 a663 p. aPaidos Orientalia14aMITOLOGIA - HISTORIA14aRELIGIONES - HISTORIA